| 000 | 00680nam a22002297a 4500 | ||
|---|---|---|---|
| 001 | BD-DhSAU 4141 | ||
| 003 | BD-DhSAU | ||
| 005 | 20150301120417.0 | ||
| 008 | 150211b2011 bg a||||r|||| 000 0 eng d | ||
| 020 | _a9789844450486 | ||
| 040 | _aBD-DhSAU | ||
| 082 |
_222 _a332.095492 _bB2392 |
||
| 100 | _aBari, M A | ||
| 245 |
_aMicrofinance system and the NGOs capacity building for development / _cM A Bari. |
||
| 260 |
_aDhaka : _bPalok Publishers, _cc2011. |
||
| 300 |
_axvi, 344 p. : _bill. ; _c22 cm. |
||
| 500 | _aNew arrival 2014 | ||
| 590 | _ajoy | ||
| 650 |
_aMicrofinance. _zBangladesh |
||
| 650 | _aMicrofinance. | ||
| 650 |
_aNon-governmental organizations. _zBangladesh |
||
| 942 |
_2ddc _cBOOK |
||
| 999 |
_c4141 _d4141 |
||